banner-ar

دموع الجواسيس : (Record no. 61057)

MARC details
000 -الفاتح
حقل البيانات ثابتة الطول 00911nam a22002657a 4500
005 - وقت وتاريخ اخر تعامل مع التسجيلة
رقم الضبط 20240530110441.0
008 - عناصر البيانات ثابتة الطول - معلومات عامة
حقل البيانات ثابتة الطول 150420s2012 ua a g 000 0deng d
017 ## - رقم الايداع القانونى
رقم الايداع القانونى 2011/11712
المصدر ( الهيئة المختصة) مصر . دار الكتب المصرية
020 ## - الرقم الدولى المعيارى للكتب
الرقم الدولى المعيارى للكتاب 9772328291
040 ## - مصدر الفهرسة
وكالة الفهرسة الأصلية EG-CaGPL
082 04 - رقم تصنيف ديوى العشرى
رقم الطبعة 21
رقم التصنيف 327.12\
رقم المادة أ د
100 0# - المدخل الرئيسى - إسم شخصى
الإسم الشخصى احمد فؤاد انور.
245 10 - بيان العنوان
العنوان دموع الجواسيس :
بقية العنوان اعترافات اسرائيلية ببطولات مصرية /
بيان المسئوليه,etc احمد فؤاد انور.
250 ## - بيان الطبعة
بيان الطبعة ط1.
260 ## - PUBLICATION, DISTRIBUTION, ETC. (IMPRINT)
تاريخ النشر أو التوزيع 2012.
300 ## - الوصف المادى
التعداد 280 ص ؛
أبعاد الوعاء 24 سم.
600 0# - المدخل الاضافى بالموضوع-اسم شخصى
الإسم الشخصى مصطفى حافظ
600 0# - المدخل الاضافى بالموضوع-اسم شخصى
الإسم الشخصى سامى فهمى
600 0# - المدخل الاضافى بالموضوع-اسم شخصى
الإسم الشخصى رافت الهجان
650 04 - المدخل الاضافى بالموضوع-مصطلح موضوعى
مصطلح موضوعي الجواسيس
650 04 - المدخل الاضافى بالموضوع-مصطلح موضوعى
مصطلح موضوعي الموساد
650 04 - المدخل الاضافى بالموضوع-مصطلح موضوعى
مصطلح موضوعي المخابرات العسكرية
التقسيم الفرعي الجغرافي مصر
942 ## - عناصر المدخل الإضافي( كوها)
مصدر التصنيف او مخطط الترفيف Dewey Decimal Classification
Koha [default] item type كتاب
260 ## - PUBLICATION, DISTRIBUTION, ETC. (IMPRINT)
-- القاهرة :
-- عالم الكتب ،
Holdings
حالة التراجع حالة الفقد حالة تلف ليس للاعارة المكان المؤقت الموقع الحالى تاريخ الاكتساب اجمالي اﻻعارات رقم الطلب الباركود تاريخ اخر مشاهدة تاريخ تفعيل السعر نوع وعاء كوها
        مكتبة القاهرة الكبرى مكتبة القاهرة الكبرى 04/20/2015   327.12\ أ د 160272 04/20/2015 04/20/2015 كتاب

Powered By

EGPV